| 000 | 00401cam a22001455i 4500 | ||
|---|---|---|---|
| 999 |
_c12812 _d12812 |
||
| 003 | OSt | ||
| 005 | 20240712160255.0 | ||
| 008 | 240129s2023 ii 000 0 eng | ||
| 020 | _a9788195454518 | ||
| 042 | _alcode | ||
| 082 | _a720.954 | ||
| 245 | 0 | 0 |
_aBalkrishna V. Doshi : _bIndian Institute of Management, Bangalore / _cedited and photographed by Randhir Singh. |
| 300 | _a128 pages | ||
| 942 | _2ddc | ||